Catálogo
 En Linea

Tercera comunicación nacional de República Dominicana para la convención marco de las Naciones Unidas sobre cambio climático (Registro nro. 54034)

Detalles MARC
000 -CABECERA
campo de control de longitud fija 01752nam a2200277 i 4500
003 - IDENTIFICADOR DEL NÚMERO DE CONTROL
campo de control DO-SdBNP
005 - FECHA Y HORA DE LA ÚLTIMA TRANSACCIÓN
campo de control 20240229073832.0
007 - CAMPO FIJO DE DESCRIPCIÓN FÍSICA--INFORMACIÓN GENERAL
campo de control de longitud fija ta
008 - DATOS DE LONGITUD FIJA--INFORMACIÓN GENERAL
campo de control de longitud fija 230630b2017 dr o|||| |||| 00| 0 spa d
040 ## - FUENTE DE LA CATALOGACIÓN
Centro catalogador/agencia de origen DO-SdBNP
Lengua de catalogación spa
Centro/agencia transcriptor BNPHU
Normas de descripción rda
082 #4 - NÚMERO DE LA CLASIFICACIÓN DECIMAL DEWEY
Número de clasificación 363.73874
Número de documento/Ítem R426t
Número de edición 22
100 1# - ENTRADA PRINCIPAL--NOMBRE DE PERSONA
Nombre de persona Hernández, Ángela,
Fechas asociadas al nombre 1954-
9 (RLIN) 2564
110 ## - ENTRADA PRINCIPAL--NOMBRE DE ENTIDAD CORPORATIVA
Nombre de entidad corporativa o nombre de jurisdicción como elemento de entrada República Dominicana.
Unidad subordinada Ministerio de Medio Ambiente y Recursos Naturales
9 (RLIN) 83652
245 10 - MENCIÓN DE TÍTULO
Título Tercera comunicación nacional de República Dominicana para la convención marco de las Naciones Unidas sobre cambio climático
264 ## - PRODUCCIÓN, PUBLICACIÓN, DISTRIBUCIÓN, FABRICACIÓN Y COPYRIGHT
Producción, publicación, distribución, fabricación y copyright Santo Domingo :
Nombre del de productor, editor, distribuidor, fabricante Ministerio de Medio Ambiente y Recursos Naturales,
Fecha de producción, publicación, distribución, fabricación o copyright 2017.
300 ## - DESCRIPCIÓN FÍSICA
Extensión 346 páginas :
Otras características físicas ilustraciones ;
Dimensiones 28 cm.
336 ## - TIPO DE CONTENIDO
Fuente rdacontent
Término de tipo de contenido texto
Código de tipo de contenido txt
337 ## - TIPO DE MEDIO
Fuente rdamedia
Nombre/término del tipo de medio sin mediación
Código del tipo de medio n
338 ## - TIPO DE SOPORTE
Fuente rdacarrier
Nombre/término del tipo de soporte volumen
Código del tipo de soporte nc
505 ## - NOTA DE CONTENIDO CON FORMATO
Nota de contenido con formato Prólogo 13 -- Agradecimientos 15 -- Índice 17 -- Tablas y figuras 25 -- Acrónimos 31 -- Resumen ejecutivo 41 -- Capitulo 1: Circunstancias nacionales 64 -- Capitulo 2: Inventario nacional de emisiones de gases de efecto invernadero 100 -- Capitulo 3: Arreglos institucionales para aplicar la convención 142 -- Capitulo 4: Programas que comprenden medidas para facilitar la adecuada adaptación al cambio climático 146 -- Capitulo 5: Programas que comprenden medidas para mitigar el cambio climático 272 -- Capitulo 6: Informaciones pertinentes 304 -- Capitulo 7: Obstáculos, carencias y necesidades conexas de financiación, tecnología y capacidades 318 -- Referencias 322
590 ## - NOTA LOCAL (RLIN)
Nota local Inventariado, 2023/DG
650 #4 - PUNTO DE ACCESO ADICIONAL DE MATERIA--TÉRMINO DE MATERIA
Término de materia o nombre geográfico como elemento de entrada Cambios climáticos
Subdivisión general Política gubernamental
Subdivisión geográfica República Dominicana
9 (RLIN) 83653
650 #4 - PUNTO DE ACCESO ADICIONAL DE MATERIA--TÉRMINO DE MATERIA
Término de materia o nombre geográfico como elemento de entrada Efecto invernadero
Subdivisión geográfica República Dominicana
9 (RLIN) 83654
910 ## - DATOS DE OPCIÓN DEL USUARIO (OCLC)
Datos de opción del usuario DG
942 ## - ELEMENTOS DE PUNTO DE ACCESO ADICIONAL (KOHA)
Fuente del sistema de clasificación o colocación Dewey Decimal Classification
Tipo de ítem Koha Libro
Existencias
Estado de retiro Estado de pérdida Fuente del sistema de clasificación o colocación Restricciones de uso No para préstamo Código de colección Localización permanente Ubicación/localización actual Ubicación en estantería Fecha de adquisición Total de préstamos Signatura topográfica completa Código de barras Fecha visto por última vez Precio válido a partir de Tipo de ítem Koha Número de copia
    Dewey Decimal Classification Excluido de préstamo   Patrimonio Dominicano Biblioteca Nacional Pedro Henríquez Ureña Biblioteca Nacional Pedro Henríquez Ureña En catalogación 30.06.2023   BNPHU PD 363.73874 R426t 2023-2935 30.06.2023 30.06.2023 Libro  
    Dewey Decimal Classification Excluido de préstamo   Patrimonio Dominicano Biblioteca Nacional Pedro Henríquez Ureña Biblioteca Nacional Pedro Henríquez Ureña En catalogación 30.06.2023   BNPHU PD 363.73874 R426t 2023-2936 30.06.2023 30.06.2023 Libro e.2

Con tecnología Koha